Mozliwosci prywatyzacji i deregulacji w sferze infrastruktury gospodarczej.

Autor sa pokúša dať odpoveď na otázku, či možno privatizovať a súčasne podstatne obmedziť fungovanie hospodárskej infraštruktúry podľa zásad verejného sektora. Námietky proti verejnému sektoru v oblasti hospodárskej infraštruktúry. Závery.

Salvato in:
Dettagli Bibliografici
Autore principale: Ratajczak, M.
Natura: Capitolo di libro
Lingua:polacco
Soggetti:
Tags: Aggiungi Tag
Nessun Tag, puoi essere il primo ad aggiungerne!!

MARC

LEADER 00000naa a2200000 4500
001 r004575
005 20221125122903.7
041 0 |a pol 
044 |a PL 
245 1 0 |a Mozliwosci prywatyzacji i deregulacji w sferze infrastruktury gospodarczej.  |c M. Ratajczak 
520 |a Autor sa pokúša dať odpoveď na otázku, či možno privatizovať a súčasne podstatne obmedziť fungovanie hospodárskej infraštruktúry podľa zásad verejného sektora. Námietky proti verejnému sektoru v oblasti hospodárskej infraštruktúry. Závery. 
610 2 0 |a privatizácia 
610 2 0 |a infraštruktúra 
610 2 0 |a sektor verejný 
100 1 |a Ratajczak, M.